| 000 | 01045nam a22003257a 4500 | ||
|---|---|---|---|
| 001 | 13079299 | ||
| 003 | OSt | ||
| 005 | 20210426113827.0 | ||
| 008 | 030203s2003 nyua b 001 0deng | ||
| 010 | _a 2003002215 | ||
| 020 | _a0393057453 (hardcover) | ||
| 040 |
_aDLC _cDLC _dDLC |
||
| 042 | _apcc | ||
| 050 | 0 | 0 |
_aQH375 _b.S76 2003 |
| 080 |
_a821.111 _bS-87 |
||
| 082 | 0 | 0 |
_a576.8/2 _221 |
| 100 | 1 | _aStott, Rebecca. | |
| 245 | 1 | 0 |
_aDarwin and the barnacle / _cRebecca Stott. |
| 250 | _a1st American ed. | ||
| 260 |
_aNew York : _bW.W. Norton, _c2003. |
||
| 300 |
_axxv, 309 p. : _bill. ; _c22 cm. |
||
| 504 | _aIncludes bibliographical references (p. 262-272) and index. | ||
| 600 | 1 | 0 |
_aDarwin, Charles, _d1809-1882. |
| 650 | 0 | _aNatural selection. | |
| 650 | 0 | _aBarnacles. | |
| 653 | _aინგლისური ლიტერატურა | ||
| 906 |
_a7 _bcbc _corignew _d1 _eecip _f20 _gy-gencatlg |
||
| 942 |
_2udc _cBK |
||
| 999 |
_c996 _d996 |
||